000 00540nam a2200157 a 4500
005 20140414132001.0
008 110212s19uu xx 00 eng d
050 _aTR 532.25
_bM37 1997
100 _aMason, Jane B.
245 _aThe magic school bus ups and downs :
_ba book about floating and sinking /
_c[adaptation by Jane B. Mason ; illustrated by Nancy Stevenson].
260 _aNew York :
_bScholastic,
_cc1997.
650 _aHydrostatics
650 _aFloating bodies.
650 _aBuoyant ascent (Hydrodynamics)
999 _c113069
_d113069